[Event "77th ITA-ch Men 2017"]
[Site "Cosenza"]
[Date "2017.12.10"]
[Round "11"]
[White "Valsecchi, Alessio"]
[Black "Sonis, Francesco"]
[Result "1/2-1/2"]
[WhiteElo "2501"]
[BlackElo "2420"]
[Annotator "TA"]
[PlyCount "103"]
[EventDate "2017.??.??"]
[EventType "tourn"]
[EventCountry "ITA"]
[SourceTitle "playchess.com"]
[Source "ChessBase"]
[SourceQuality "1"]

{[%evp 16,103,41,32,37,31,47,47,64,67,83,85,83,83,92,85,81,48,85,85,90,83,80,86,111,106,103,108,98,43,43,50,95,91,168,73,98,103,101,0,0,0,0,0,0,0,0,0,0,0,9,0,0,0,0,0,0,0,0,0,0,0,0,0,0,0,0,0,0,0,0,0,0,0,0,0,0,0,8,8,8,8,8,8,8,8,8,8,8,0]} 1. e4 e5 2. Nf3 Nc6 3. Bb5 a6 4. Ba4 Nf6 5. O-O Be7 6. d3 {[%cal Bd2d3,Bd3d4,Bd4d5][%mdl 32]} d6 7. c3 O-O 8. Re1 h6 9. Nbd2 b5 {C84: Closed Ruy Lopez: Unusual White 6th moves} (9... Re8 10. Nf1 Bf8 11. Ng3 b5 12. Bb3 Na5 13. Bc2 c5 14. d4 cxd4 15. cxd4 exd4 16. Nxd4 Bb7 17. Bf4 Rc8 18. Rc1 g5 19. Bd2 Nc4 20. Bc3 d5 21. Ndf5 b4 22. Bd4 dxe4 {1-0 (55) Oparin,G (2597)-Fedoseev,V (2665) Kolomna 2016}) 10. Bc2 Nh7 11. d4 Ng5 {White is slightly better.} 12. d5 Na5 $146 ({Predecessor:} 12... Nb8 13. Nf1 Nd7 14. Ng3 g6 15. a4 Bb7 16. axb5 axb5 17. Rxa8 Qxa8 {½-½ (30) Kotan,L (2245)-Horvath,M (2250) Hungary 1998}) 13. b4 {[#] aiming for Nxg5.} Nb7 14. Nxg5 Bxg5 15. a4 Bd7 16. c4 bxc4 17. Nxc4 a5 18. b5 Bxc1 19. Qxc1 Qh4 20. Ra3 f5 21. Rh3 Qe7 22. exf5 (22. Rc3 $16) 22... Bxf5 $14 23. Rc3 Bxc2 24. Qxc2 Rf7 {[#]} (24... Qf6 $16 {might work better.}) 25. g3 (25. Nd2 $1 $18 {is more deadly.}) 25... Qf6 26. Re2 Raf8 27. Ne3 (27. Nd2 $16) 27... Qf3 $1 $11 {The position is equal.} 28. Rd2 Nc5 29. Rxc5 dxc5 30. Qxc5 Qe4 31. Qc4 Qb1+ 32. Kg2 Qe1 33. Qc2 h5 34. h4 Rf3 35. Re2 Qb4 36. Qc4 (36. Qxc7 Qe4 $17) 36... Rxe3 37. Qxb4 Rxe2 {[%mdl 4096] Endgame KQ-KRR} 38. Qc5 {d6 is the strong threat.} ({Wrong is} 38. Qxa5 $2 Rfxf2+ 39. Kg1 Rg2+ 40. Kf1 Ref2+ 41. Ke1 Ra2 $19) 38... Rf7 39. Kf1 Ra2 40. Kg2 Rxa4 41. b6 cxb6 42. Qc8+ Rf8 43. Qe6+ Kh7 {next ...Ra2 is good for Black.} 44. Qxb6 Rd4 45. Qxa5 Rf5 46. Qc5 Rd2 47. d6 Kg6 48. d7 Kh7 49. Qa7 e4 50. Qe3 Rxd7 51. Qxe4 g6 52. Qe3 {Precision: White = 73%, Black = 56%.} 1/2-1/2

[Event "77th ITA-ch Men 2017"]
[Site "Cosenza"]
[Date "2017.12.10"]
[Round "11"]
[White "Garcia Palermo, Carlos"]
[Black "Godena, Michele"]
[Result "1/2-1/2"]
[WhiteElo "2440"]
[BlackElo "2490"]
[Annotator "TA"]
[PlyCount "31"]
[EventDate "2017.??.??"]
[EventType "tourn"]
[EventCountry "ITA"]
[SourceTitle "playchess.com"]
[Source "ChessBase"]
[SourceQuality "1"]

{[%evp 9,21,17,31,21,35,21,26,28,34,29,36,-11,-4,0]} 1. d4 d5 2. Nf3 Nf6 3. c4 dxc4 4. e3 a6 5. Bxc4 b5 6. Be2 {D25: Queen's Gambit Accepted: 4 e3: sidelines and 4...Bg4} Bb7 7. O-O e6 8. b3 (8. a4 b4 9. Nbd2 Nbd7 10. Nb3 c5 11. Bd2 Ne4 12. a5 Be7 13. dxc5 Ndxc5 14. Nxc5 Bxc5 15. Qa4+ {½-½ (30) Girya,O (2501)-Rublevsky,S (2683) St Petersburg 2017}) 8... Nbd7 9. Bb2 Be7 10. Nc3 O-O 11. Rc1 {Predecessor:} c5 $146 12. a4 b4 13. Nb1 cxd4 14. Nxd4 Rc8 15. Nd2 Rxc1 16. Qxc1 {½-½ (51) Ushenina,A (2450)-Dzagnidze,N (2529) Huaian 2016} 1/2-1/2